Linear systems and signals (Record no. 11042)

000 -LEADER
fixed length control field 00447 a2200169 4500
020 ## - INTERNATIONAL STANDARD BOOK NUMBER
International Standard Book Number 9780195392562
082 ## - DEWEY DECIMAL CLASSIFICATION NUMBER
Classification number 621.3822
090 ## - LOCALLY ASSIGNED LC-TYPE CALL NUMBER (OCLC); LOCAL CALL NUMBER (RLIN)
-- 7239
-- 7239
100 ## - MAIN ENTRY--PERSONAL NAME
Personal name Lathi, B. P.
245 ## - TITLE STATEMENT
Title Linear systems and signals
Statement of responsibility, etc. B. P. Lathi
250 ## - EDITION STATEMENT
Edition statement 2nd ed.
260 ## - PUBLICATION, DISTRIBUTION, ETC.
Place of publication, distribution, etc. New York
Name of publisher, distributor, etc. Oxford University Press
Date of publication, distribution, etc. 2010
300 ## - PHYSICAL DESCRIPTION
Extent 975 p.
650 ## - SUBJECT ADDED ENTRY--TOPICAL TERM
Topical term or geographic name entry element Signal processing--Mathematics--System analysis
700 ## - ADDED ENTRY--PERSONAL NAME
Personal name B. P.Lathi
942 ## - ADDED ENTRY ELEMENTS (KOHA)
Koha item type Book
Call number prefix 621.3822 LAT
Holdings
Withdrawn status Lost status Damaged status Not for loan Collection code Permanent Location Current Location Shelving location Date acquired Source of acquisition Cost, normal purchase price Total Checkouts Total Renewals Full call number Barcode Date last seen Date last checked out Price effective from Koha item type
          Central Library (CL) Central Library (CL) General Stacks 07/23/2012 Progressive International Agencies 7366.22 6 2 621.3822 LAT SEECS011457 03/01/2021 03/01/2021 01/05/2017 Book
          Central Library (CL) Central Library (CL) General Stacks 07/23/2012 Progressive International Agencies 7366.22 5 2 621.3822 LAT SEECS011458 06/05/2025 10/24/2022 01/05/2017 Book
          Central Library (CL) Central Library (CL) General Stacks 07/23/2012 Progressive International Agencies 7366.22 6   621.3822 LAT SEECS011459 11/19/2024 09/18/2024 01/05/2017 Book
          Central Library (CL) Central Library (CL) General Stacks 07/23/2012 Progressive International Agencies 7366.22 7 5 621.3822 LAT SEECS011460 11/11/2024 09/15/2022 01/05/2017 Book
          Central Library (CL) Central Library (CL) General Stacks 07/23/2012 Progressive International Agencies 7366.22 4 3 621.3822 LAT SEECS011461 06/28/2021 10/01/2018 01/05/2017 Book
© 2023 Central Library, National University of Sciences and Technology. All Rights Reserved.